|
|
|
|
| LEADER |
00980nam a2200253 a 4500 |
| 001 |
adlib96000001 |
| 003 |
ViArRB |
| 005 |
20151026131911.0 |
| 008 |
960221s1955 dcuabcdjdbkoqu001 0deng d |
| 020 |
|
|
|
| 022 |
|
|
|
| 040 |
|
|
|a Adlib
|
| 082 |
|
|
|a 06.067:301(079.1)
|
| 245 |
|
|
|a Unique quintessence of sociology for UPSC civil services preliminary examinations, P.C.S., S.S.C., universities and other competitive examinations
|
| 250 |
|
|
|a 25th ed
|
| 260 |
|
|
|a New Delhi
|b Unique Publishers
|c 2001
|
| 300 |
|
|
|a 623p.
|
| 500 |
|
|
|a
|
| 100 |
|
|
|a Chopra, J.K.
|e Editor
|
| 700 |
|
|
|a Sen, S.
|a Mansukhani, G.S.
|
| 942 |
|
|
|c REF
|6 _
|
| 653 |
|
|
|a Sociology - Civil service prelims guide
|a Economy and Society - Civil service prelims guide
|a Social demography - Civil service prelims guide
|a NET
|a SLET
|a Civil services prelims guide
|
| 999 |
|
|
|c 37655
|d 37655
|
| 952 |
|
|
|0 0
|1 0
|4 0
|6 060673010791_CHO
|7 0
|9 49418
|a UL
|b UL
|d 2010-06-16
|o 06.067:301(079.1) CHO
|p 00048348
|r 2010-06-16
|w 2010-06-16
|y REF
|